000 00492nam a2200181Ia 4500
001 20582
005 20260306172816.0
008 260306t2005||||xx |||||||||||||| ||spa||
041 _aESP
082 _a343.4
_bP78
100 _aPortela, Jorge Guillermo
_eAUT
245 0 _aLa justificación iusnaturalista de la desobediencia civil y de la objeción de conciencia
260 _c2005
300 _a261 páginas :
_c23 cm.
650 _aGEN
654 _aCDE
942 _cLIB
_dJUS
_fJUS
_2ddc
_n
999 _c20582
_d20582